Estudios geológicos sobre Tarrasa y sus contornos / por Jacinto Elías
Descripción Física:
48 p. ; 22 cm
Materias:
Geologia -- Terrassa
MARC
| LEADER | 00000nam a2200000Ia 4500 | ||
|---|---|---|---|
| 001 | 17623 | ||
| 008 | 160829s1917 xx 000 0 cat d | ||
| 080 | |a 3408, exp. 2 | ||
| 100 | |a Elías, Jacinto |9 47536 | ||
| 245 | |a Estudios geológicos sobre Tarrasa y sus contornos / por Jacinto Elías | ||
| 260 | |a Terrassa : |b Imp. La Industria de Morral & Co, |c 1917 | ||
| 300 | |a 48 p. ; |c 22 cm | ||
| 650 | |a Geologia |x Terrassa |9 48271 | ||
| 901 | |a Arxiu | ||
| 942 | |n 1 | ||
| 952 | |0 0 |1 0 |4 0 |6 3408_EXP_2 |7 1 |9 53948 |a Arxiu |b Arxiu |d 2016-12-01 |l 0 |o 3408, exp. 2 |p 17623 |r 2016-12-01 00:00:00 |w 2016-12-01 |y ARXIU | ||
| 999 | |c 57815 |d 57815 | ||